LEADER 00910nam a2200205 u 4500 001 000000110786 003 CaOOAMICUS 005 20080328094346.0 008 080328s1947 fr af u000 u fre u 040 $aPUL$bita$dLDB 100 1 $aBeigbeder, Marc.$0(OLS)http://pul/name/67945 245 12$aL'homme Sartre :$bessai de dévoilement préexistentiel /$cMarc Beigbeder. 260 $a[S.l.] :$bBordas,$c1947$e(Paris :$fGeorges Lang) 300 $a205 p., [8] p. di tav. :$bill. ;$c20 cm. 600 14$aSartre, Jean-Paul,$d1905-1980.$0(OLS)http://pul/subject/3169 850 $aPUL 852 $aPUL$W1$xDP1 Cons. Gen., Altre Classi 1$y22$m715 D 33$j126955$qStampati$B125664$CPULBib$Z2$F125664 $H18110 $82 941 1 $a8 996 $6245$aL'homme Sartre :$bessai de dévoilement préexistentiel$9(OLS)http://pul/title/139318 996 $6260$a[S.l.] :$bBordas$9(OLS)http://pul/publisher/61971 LEADER 01288namaa2200301 i 4500 001 000000178317 003 CaOOAMICUS 005 20251217153611.0 008 251217s2025 it f 000 u ita r 040 $aPUL$bita 082 04$a342.4506 100 1 $aChieppa, Roberto,$d1966-,$eautore.$0(OLS)http://pul/name/114737 245 10$aManuale di diritto amministrativo /$cElio Casetta; a cura di Fabrizio Fracchia. 250 $a10. ed. 260 $aMilano :$bGiuffrè Francis Lefebvre,$c©2025. 300 $aXL, 1577 pagine ;$c25 cm 336 $atesto$btxt$2rdacontent 337 $asenza mediazione$bn$2rdamedia 338 $avolume$bnc$2rdacarrier 500 $aInclude indici. 650 4$aDiritto amministrativo$zItalia$vManuali.$0(OLS)http://pul/subject/17904 700 1 $aGiovagnoli, Roberto$b1973-,$eautore.$0(OLS)http://pul/name/94634 850 $aPUL 852 $aPUL$W1$xSL Diritto e Scienze Sociali 3$y79$m342. 4506 CHIRO 1$j202161$qDDC 21$B207419$CPULBib$Z2$F207419 $H138301 $82 996 $6082$a342.4506$9(OLS)http://pul/classification/1804 996 $6245$aManuale di diritto amministrativo$9(OLS)http://pul/title/52899 996 $6260$aMilano :$bGiuffrè Francis Lefebvre$9(OLS)http://pul/publisher/86917